00429nam a2200169Ia 4500003000400000005001700004008004100021020001800062040000700080041001200087082001800099100001500117245005200132260003300184300002900217365001300246OSt20260211185725.0210423s2010 xx 000 0 und d a9780749456603 cAL aEnglish a650.13 bLILD aRoy Lilley aCreating success: dealing with difficult people aLondonbKogan Page Ltdc2010 ax,148p.bPBc21.5x13.5cm b195cINR